000 00939nam a22002897a 4500
003 CHAP
005 20220329134332.0
008 971013s1984 r 00010 d
010 _a18944
011 _a19916
035 _a24003
040 _cCHAP
090 _aFolleto 9484
100 0 0 _aAlvarez del Castillo, Carlos.
_94903
245 _aDos estudios paleobotánicos en la cuenca de México
260 _aMéxico, D.F., :
_bInstituto Nacional de Antropología e Historia,
_c1984
300 _a55 p.
_b; apénd. : ilus. ; mapas
590 _aBATCH-UPD
_b10
_c20130110
_lUCH01
_h2057
590 _aBATCH-UPD
_b10
_c20130410
_lUCH01
_h1410
590 _aBATCH-UPD
_b10
_c20130914
_lUCH01
_h1856
590 _aCONVERSION
_b10
_c20130109
_lUCH01
_h1311
650 1 4 _aPaleobotánica.
_984896
650 1 4 _aPaleobotánica
_xMéxico (Edo.)
_984901
901 _aBK
942 _cFOLL
949 _aFolleto 9484
_bBC
_cFOLL
_d-55545
_eTS1
_i24003
_mD
_si
999 _c18944
_d18944